Statistiques concernant Culture Générale - Série 1882

Cliquez ici pour prendre le quiz!

Statistiques générales

  • Ce quiz a été pris 69 fois
  • Le résultat moyen est 3 sur 10

Statistiques - réponses

QuestionRéponse% Correct
Quel dessert traditionnel de la cuisine italienne signifie littéralement « tire-moi vers le haut », « remonte-moi le moral » ?tiramisu
95%
Dans quel pays se trouve le mont Ossa ou mont Kissavos ?Grèce
66%
Quel prénom masculin désigne également une eau de vie de raisin ?Marc
51%
Quel nom, anagramme de "couler", désigne la chasse à la bécasse, au printemps ?croule
25%
Quelle est la composante essentielle de la boisson spiritueuse appelée "gin" ?genièvre
18%
Quel équipement fixe placé sur le pont d'un voilier est appelé également "cabestan" ? voir photowinch
11%
Quel chapeau haut de forme porte le nom d'une fée vendéenne ?Mélusine
9%
En biogéographie, c'est un paysage ou un terrain dans lequel les buissons et broussailles sont nombreux, denses, touffus et enchevêtrésfourré
2%
En Agriculture, quel nom est parfois donné au navet fourrager ?turnep
2%
Quel verbe de 6 lettres commençant par "b" signifie "Attacher, fixer fermement un chargement par des cordes" ?breler
0%

Distribution des résultats

Percentile par nombre de réponses

% des personnes avec chaque résultat

Votre développement - résultats

Vous n’avez pas pris ce quiz